| 000 | 00864nmm a2200277 a 4500 | ||
|---|---|---|---|
| 001 | ocm0002015477 | ||
| 003 | TR-IsHL | ||
| 005 | 20201028175641.0 | ||
| 008 | 181106s2014 tu tur | ||
| 007 | cr cn | ||
| 020 | _a9786059285483 | ||
| 035 |
_a2015477 _b(N$T) |
||
| 050 | 0 | 4 |
_aPL248.E73 _bD57 2014 |
| 090 | 0 | 4 |
_aPL248.E73 _bD57 2014 |
| 100 | 1 | _aErdem, Halil | |
| 245 | 1 | 0 |
_aDirmil ömürcüsü _h[electronic resource] / _cHalil Erdem |
| 250 | _a2. Baskı | ||
| 260 |
_aİstanbul : _be-Kitap Projesi & Cheapest Books, _c2014 |
||
| 300 | _a166 p. | ||
| 650 | 4 | _aDil ve Edebiyat | |
| 650 | 4 | _aLanguage and Literature | |
| 650 | 0 | _aTürk romanı | |
| 650 | 0 | _aTurkish fiction | |
| 650 | 7 |
_aLITERARY COLLECTIONS / Middle Eastern _2bisacsh |
|
| 856 | 4 | 0 | _uhttp://search.ebscohost.com/login.aspx?direct=true&scope=site&db=e011xww&AN=2015477 |
| 999 |
_c18771 _d18771 |
||